000
00327nam a2200145Ia 4500
999
_c
2691
_d
2691
003
OSt
005
20190914155327.0
008
190902s9999||||xx |||||||||||||| ||und||
040
_c
maju
100
_a
Muhammad Azam
245
0
_a
Integrated Management
260
_a
Karachi
_b
Royal Book
_c
2007
300
_a
370
942
_c
BK
_2
ddc